000 01508nem0a2200337 4500
001 RU\NLR\BIBL_A\011447103
005 20250626070221.0
035 _a(NLR Aleph) 011447103
090 _a11733443
_c11733443
100 _a20170801d1847 |||y0rusy50 ca
101 0 _arus
102 _aRU
120 _abyy xx||
123 1 _aa
_b38149146
135 _acrcn 024anaba
200 1 _aИзображение климатов земного шара
_bКарты
_fсоставленное Ст. Барановским
206 _a[ок. 1: 38 000 000, 380 км в 1 см]
210 _aГельсингфорс
_d1847
_eтип. Френкеля
215 _a1 т. ([4 с., 2 разв. л.])
_cцв., текст, табл.
_d32х24 см, 61х60 см
325 1 _aКопия доступна в электронной библиотеке РНБ
509 0 1 _7ca
_aМир
_92633185
_3RU\NLR\auth_crt\551
606 1 _aГлобальный климат
_jКарты
_91456470
_3RU\NLR\AUTH\66307828
608 _aКлиматические карты
_91035087
_3RU\NLR\AUTH\6679864
702 1 _aБарановский
_bСт.
_gСтефан
_4220
852 _aNLR
_bК
_j2-Мир 7/23
_m9014
901 _eКартографические материалы
942 _cMAP
980 _aNB
981 1 9 _a(19) Картографические материалы